00913cam a22002658i 4500003000400000005001700004008004100021020001500062040002900077042000800106050002400114100002400138245014000162263000900302264003700311300001300348336002600361337002800387338002700415504005100442520002700493650005200520650004500572700003000617OSt20220325085114.0211017s2022 nyu b 001 0 eng  a0192622838 cALUPE UNIVERSITY COLLEGE apcc00aTN870.57b.S75 20221 aSrinivasan, Sanjay,10aPetroleum reservoir modeling and simulation :bgeology, geostatistics, and performance prediction /cSanjay Srinivasan, Julianna Leung. a2201 1aNew York :bMcGraw Hill,c[2022] apages cm atextbtxt2rdacontent aunmediatedbn2rdamedia avolumebnc2rdacarrier aIncludes bibliographical references and index. cProvided by publisher. 0aOil reservoir engineeringxMathematical models. 0aPetroleumxGeologyxMathematical models.1 aLeung, Julianna,eauthor.